Ngôi đền thiêng và những trảng rừng : ( Tập truyện ngắn )
Saved in:
| Main Author: | |
|---|---|
| Format: | Book |
| Language: | Undetermined |
| Published: |
Hà Nội
Văn Học
2009
|
| Subjects: | |
| Tags: |
Add Tag
No Tags, Be the first to tag this record!
|
| Institutions: | Trung tâm Học liệu Trường Đại học Cần Thơ |
|---|
| LEADER | 00700nam a2200229Ia 4500 | ||
|---|---|---|---|
| 001 | CTU_147838 | ||
| 008 | 210402s9999 xx 000 0 und d | ||
| 020 | |c 36000 | ||
| 082 | |a 895.922301 | ||
| 082 | |b Ph500 | ||
| 100 | |a Ngô, Văn Phú | ||
| 245 | 0 | |a Ngôi đền thiêng và những trảng rừng : | |
| 245 | 0 | |b ( Tập truyện ngắn ) | |
| 245 | 0 | |c Ngô Văn Phú | |
| 260 | |a Hà Nội | ||
| 260 | |b Văn Học | ||
| 260 | |c 2009 | ||
| 650 | |a Short stories, vietnamese,Truyện ngắn Việt Nam | ||
| 650 | |x Tuyển tập | ||
| 650 | |y 21 century,Thế kỷ 21 | ||
| 904 | |i Qhieu | ||
| 980 | |a Trung tâm Học liệu Trường Đại học Cần Thơ | ||